[Event "Moscow Smyslov Masters"]
[Site "Moscow"]
[Date "2025.06.07"]
[Round "6"]
[White "Khruschiov, Alexey"]
[Black "Suslov, Dmitry"]
[Result "1-0"]
[WhiteElo "2272"]
[BlackElo "2225"]
[PlyCount "77"]
[EventDate "2025.06.02"]
[EventType "swiss"]
[EventRounds "9"]
[EventCountry "RUS"]
[SourceTitle "CB29_2025"]
[SourceDate "2025.07.16"]
[SourceVersion "1"]
[SourceVersionDate "2025.07.16"]
[SourceQuality "1"]

1. Nf3 Nf6 2. g3 g6 3. Bg2 Bg7 4. 0-0 0-0 5. Nc3 d6 6. d4 d5 7. Bf4 c6 8. Qc1 Bf5 9. Bh6 Nbd7 10. Bxg7 Kxg7 11. e3 Ne4 12. Nh4 Nxc3 13. Nxf5+ gxf5 14. bxc3 Qa5 15. e4 fxe4 16. Qg5+ Kh8 17. Bxe4 Nf6 18. Bd3 Rg8 19. Qh6 Qxc3 20. Rab1 b5 21. Rbe1 Rg7 22. Qf4 Re8 23. Re3 Rg4 24. Qc7 Qxd4 25. Rxe7 Rxe7 26. Qxe7 Kg7 27. Bf5 Qb4 28. Qe3 d4 29. Qc1 Rg6 30. Bxg6 hxg6 31. Qf4 Qc3 32. Qe5 c5 33. Re1 Qxc2 34. g4 g5 35. h4 gxh4 36. g5 Qg6 37. Kh2 d3 38. gxf6+ Kh7 39. Rg1 1-0

[Event "Tashkent Agzamov Memorial 18th"]
[Site "Tashkent"]
[Date "2025.03.20"]
[Round "1"]
[White "Narayanan, Sunilduth Lyna"]
[Black "Suslov, Dmitry"]
[Result "1-0"]
[WhiteElo "2622"]
[BlackElo "2165"]
[PlyCount "77"]
[EventDate "2025.03.20"]
[EventType "swiss"]
[EventRounds "10"]
[EventCountry "UZB"]
[SourceTitle "CB14_2025"]
[SourceDate "2024.11.01"]
[SourceVersion "1"]
[SourceVersionDate "2024.11.01"]
[SourceQuality "1"]

1. d4 Nf6 2. c4 g6 3. Nc3 Bg7 4. e4 d6 5. h3 0-0 6. Be3 c5 7. d5 e6 8. Nf3 exd5 9. cxd5 b5 10. e5 dxe5 11. Bxb5 e4 12. Ne5 Nh5 13. Nc4 f5 14. Qa4 Nd7 15. Qa3 Rb8 16. Bxd7 Bxd7 17. Rc1 f4 18. Bxc5 e3 19. Be7 Qc7 20. Ne2 exf2+ 21. Kxf2 Ng3 22. Rhe1 Nxe2 23. Rxe2 f3 24. Bxf8 Rxf8 25. Re3 Bd4 26. g3 Bb5 27. Qd3 Qg7 28. d6 Bxe3+ 29. Qxe3 Bxc4 30. Rxc4 Qxb2+ 31. Ke1 f2+ 32. Kf1 Qb1+ 33. Rc1 Qb5+ 34. Qe2 Qb7 35. Qc4+ Kh8 36. Qc6 Qb8 37. d7 h5 38. a4 Kh7 39. Qc7 1-0

[Event "RUS Cup tt"]
[Site "Sochi"]
[Date "2024.11.27"]
[Round "1.14"]
[White "Zakaryan, David"]
[Black "Suslov, Dmitry"]
[Result "1-0"]
[WhiteElo "2279"]
[BlackElo "2145"]
[PlyCount "78"]
[EventDate "2024.11.27"]
[EventType "team-swiss"]
[EventRounds "7"]
[EventCountry "RUS"]
[SourceTitle "CB50_2024"]
[SourceDate "2024.11.01"]
[SourceVersion "1"]
[SourceVersionDate "2024.11.01"]
[SourceQuality "2"]
[WhiteTeam "Krasnodarsk Region"]
[BlackTeam "Severny Kharakter"]
[WhiteTeamCountry "RUS"]
[BlackTeamCountry "RUS"]

1. d4 Nf6 2. c4 g6 3. Nc3 Bg7 4. e4 d6 5. h3 0-0 6. Be3 e5 7. d5 a5 8. g4 Na6 9. Nf3 Nd7 10. Rg1 Kh8 11. h4 f5 12. gxf5 gxf5 13. Ng5 Nf6 14. exf5 Bxf5 15. Bh3 Bxh3 16. Nxh3 Qe8 17. Ng5 Qh5 18. Qxh5 Nxh5 19. 0-0-0 Nf4 20. a3 Bh6 21. Kc2 Rf5 22. Nce4 b6 23. Rg4 Nc5 24. Nxc5 bxc5 25. Bxf4 Rxf4 26. Rxf4 exf4 27. Ne6 Re8 28. f3 Re7 29. Kb3 Bg7 30. Ka4 Bf6 31. Kxa5 Bxb2 32. Kb5 Re8 33. Kc6 Bxa3 34. Kxc7 Kg8 35. Kxd6 Kf7 36. Ra1 Ra8 37. Nc7 Rd8+ 38. Kc6 Bb4 39. d6 Bc3 1-0

[Event "St Petersburg Korchnoi Memorial op"]
[Site "St Petersburg"]
[Date "2024.08.17"]
[Round "1"]
[White "Dudkin, Mikhail Dm"]
[Black "Suslov, Dmitry"]
[Result "1/2-1/2"]
[WhiteElo "1770"]
[BlackElo "2140"]
[PlyCount "89"]
[EventDate "2024.08.17"]
[EventType "swiss"]
[EventRounds "9"]
[EventCountry "RUS"]
[SourceTitle "CBM 221 Extra"]
[Source "ChessBase"]
[SourceDate "2024.09.30"]
[SourceVersion "1"]
[SourceVersionDate "2024.09.30"]
[SourceQuality "1"]

1. d4 Nf6 2. c4 g6 3. Nc3 Bg7 4. e4 d6 5. f3 0-0 6. Be3 c5 7. Nge2 Nc6 8. Qd2 Qa5 9. 0-0-0 cxd4 10. Nxd4 Nxd4 11. Bxd4 Be6 12. Kb1 Rfc8 13. Nd5 Qxd2 14. Rxd2 Bxd5 15. cxd5 Nd7 16. Be3 a6 17. Be2 h5 18. Rc1 Rxc1+ 19. Kxc1 Rc8+ 20. Rc2 Rxc2+ 21. Kxc2 Kf8 22. b4 Ke8 23. Kb3 Kd8 24. b5 axb5 25. Bxb5 Be5 26. h3 f6 27. Kb4 g5 28. Bxd7 Kxd7 29. Kb5 Kc7 30. Bb6+ Kc8 31. Be3 Kc7 32. Bf2 h4 33. Be3 Bg3 34. a4 Be5 35. Kc4 Bf4 36. Bd4 Bc1 37. Kb5 Bd2 38. Bb6+ Kc8 39. Bf2 Bf4 40. Kb6 Be5 41. Ka7 Bf4 42. Bb6 Bd2 43. Bd4 Kc7 44. Bf2 Bf4 45. Bb6+ 1/2-1/2

[Event "Asia-ch U16"]
[Site "Almaty"]
[Date "2024.06.14"]
[Round "4"]
[White "Maslovskiy, Vladimir"]
[Black "Suslov, Dmitry"]
[Result "1/2-1/2"]
[WhiteElo "2293"]
[BlackElo "2105"]
[PlyCount "69"]
[EventDate "2024.06.12"]
[EventType "swiss"]
[EventRounds "9"]
[EventCountry "KAZ"]
[SourceTitle "EXT 2025"]
[Source "ChessBase"]
[SourceDate "2024.10.14"]
[SourceVersion "1"]
[SourceVersionDate "2024.10.14"]
[SourceQuality "1"]
[WhiteTeam "FID"]
[BlackTeam "FID"]

1. e4 c6 2. d4 d5 3. e5 Bf5 4. h4 h5 5. c4 e6 6. Nc3 Bb4 7. Nge2 Ne7 8. a3 Bxc3+ 9. Nxc3 dxc4 10. Bxc4 Nd5 11. Bg5 f6 12. exf6 gxf6 13. Be3 Kf7 14. Nxd5 cxd5 15. Be2 Bg6 16. 0-0 Nc6 17. Rc1 Rc8 18. b4 Ne7 19. Qa4 a6 20. Rxc8 Qxc8 21. Rc1 Qb8 22. Qd7 Rc8 23. Rc5 Rd8 24. Qc7 Qa8 25. a4 Rc8 26. Qb6 Rc6 27. Rxc6 Nxc6 28. b5 axb5 29. Bxb5 Qc8 30. a5 Ne7 31. Qc5 Qd8 32. Qa7 Qc8 33. Bf4 Nc6 34. Qb6 Nb4 35. Bd6 1/2-1/2

[Event "Moscow-ch op Superfinal"]
[Site "Ershovo"]
[Date "2024.02.26"]
[Round "6"]
[White "Volkov, Sergei"]
[Black "Suslov, Dmitry"]
[Result "0-1"]
[WhiteElo "2193"]
[BlackElo "2036"]
[PlyCount "54"]
[EventDate "2024.02.23"]
[EventType "swiss"]
[EventRounds "10"]
[EventCountry "RUS"]
[SourceTitle "CBM 219 Extra"]
[Source "ChessBase"]
[SourceDate "2024.05.31"]
[SourceVersion "1"]
[SourceVersionDate "2024.05.31"]
[SourceQuality "1"]

1. d4 Nf6 2. Bg5 Ne4 3. h4 d5 4. Nd2 Nxd2 5. Qxd2 c5 6. dxc5 f6 7. Be3 e5 8. c3 Be6 9. Rd1 a5 10. g3 Na6 11. Bg2 Nc7 12. f4 e4 13. Qc2 Qc8 14. f5 Bxf5 15. Nh3 Qd7 16. Nf4 Qc6 17. g4 Bxg4 18. b4 axb4 19. cxb4 Qa4 20. Qd2 Qxa2 21. Nxd5 Nxd5 22. Qxa2 Rxa2 23. Rxd5 Rxe2+ 24. Kf1 Rxe3 25. Kf2 Re2+ 26. Kg3 Rxg2+ 27. Kxg2 Bf3+ 0-1

[Event "Moscow-ch op Superfinal"]
[Site "Ershovo"]
[Date "2024.02.23"]
[Round "1"]
[White "Suslov, Dmitry"]
[Black "Laohawirapap, Prin"]
[Result "1-0"]
[WhiteElo "2036"]
[BlackElo "2344"]
[PlyCount "119"]
[EventDate "2024.02.23"]
[EventType "swiss"]
[EventRounds "10"]
[EventCountry "RUS"]
[SourceTitle "CBM 219 Extra"]
[Source "ChessBase"]
[SourceDate "2024.05.31"]
[SourceVersion "1"]
[SourceVersionDate "2024.05.31"]
[SourceQuality "1"]

1. d4 Nf6 2. c4 g6 3. Nc3 Bg7 4. e4 d6 5. Be2 0-0 6. Bg5 c5 7. d5 h6 8. Be3 e6 9. Qd2 exd5 10. exd5 Kh7 11. h3 Re8 12. Bd3 b5 13. Nxb5 Ne4 14. Bxe4 Rxe4 15. Rc1 a6 16. Na3 Nd7 17. Ne2 Qh4 18. 0-0 Re8 19. b3 Nf6 20. f3 Nh5 21. Bf2 Qf6 22. Ng3 Nf4 23. Rce1 Qg5 24. Nb1 Rxe1 25. Bxe1 Bd7 26. Ne4 Nxh3+ 27. Kh1 Qf5 28. g4 Qf4 29. Bg3 Qxd2 30. Nbxd2 f5 31. gxf5 gxf5 32. Nxd6 Rg8 33. f4 Bf8 34. Kh2 Bxd6 35. Kxh3 Re8 36. Kg2 Re3 37. Nf3 Rc3 38. Ne5 Be8 39. Rf3 Rc1 40. Rf1 Rc3 41. Rf3 Rc2+ 42. Rf2 Rc3 43. Rd2 Kg7 44. Bf2 Kf6 45. Nd3 Kf7 46. Ne5+ Kf6 47. Nd3 Kf7 48. Kf3 a5 49. Ke3 a4 50. Rb2 Bxf4+ 51. Kxf4 Rxd3 52. Bxc5 Kf6 53. Re2 Bh5 54. Re6+ Kf7 55. Rxh6 Bg6 56. d6 axb3 57. axb3 Rxb3 58. Bd4 Rb8 59. Kg5 Rg8 60. Bb6 1-0

[Event "Ufa Startsev Memorial Rapid"]
[Site "Ufa"]
[Date "2024.02.04"]
[Round "2"]
[White "Zvjaginsev, Vadim"]
[Black "Suslov, Dmitry"]
[Result "1-0"]
[WhiteElo "2572"]
[BlackElo "2036"]
[PlyCount "48"]
[EventDate "2024.02.04"]
[EventType "swiss (rapid)"]
[EventRounds "11"]
[EventCountry "RUS"]
[SourceTitle "CBM 218 Extra"]
[Source "ChessBase"]
[SourceDate "2024.03.31"]
[SourceVersion "1"]
[SourceVersionDate "2024.03.31"]
[SourceQuality "1"]

1. e4 c6 2. Nc3 d5 3. Qe2 d4 4. Nb1 e5 5. d3 Bd6 6. g3 c5 7. h4 Nc6 8. Bh3 Nge7 9. Kf1 0-0 10. Kg2 b5 11. Nf3 Bxh3+ 12. Rxh3 Qd7 13. h5 Rac8 14. Nbd2 f6 15. a3 Na5 16. Nh4 c4 17. g4 cxd3 18. cxd3 Rc2 19. Qd1 Rfc8 20. b4 Nb7 21. Nf5 a5 22. Rb1 axb4 23. axb4 Ra2 24. Qb3+ Kf8 1-0

[Event "Asia-ch U16"]
[Site "Al Ain"]
[Date "2023.12.20"]
[Round "8"]
[White "Suslov, Dmitry"]
[Black "Akhilbay, Imangali"]
[Result "0-1"]
[WhiteElo "1997"]
[BlackElo "2276"]
[PlyCount "52"]
[EventDate "2023.12.14"]
[EventType "swiss"]
[EventRounds "9"]
[EventCountry "UAE"]
[SourceTitle "EXT 2025"]
[Source "ChessBase"]
[SourceDate "2024.10.14"]
[SourceVersion "1"]
[SourceVersionDate "2024.10.14"]
[SourceQuality "1"]

1. d4 d5 2. c4 e6 3. Nc3 c5 4. cxd5 cxd4 5. Qxd4 Nc6 6. Qd1 exd5 7. e3 Nf6 8. Nf3 Bb4 9. Bd2 0-0 10. a3 Bd6 11. Be2 a6 12. 0-0 Bf5 13. b4 Rc8 14. b5 axb5 15. Nxb5 Bb8 16. Bb4 Re8 17. Rc1 Ne4 18. Nbd4 Bg4 19. g3 Bh3 20. Re1 Qf6 21. Rc2 Ba7 22. Bd3 Bg4 23. Kg2 Bxd4 24. Rxc6 bxc6 25. exd4 Ng5 26. Nxg5 Bxd1 0-1

[Event "Asia-ch U16"]
[Site "Al Ain"]
[Date "2023.12.19"]
[Round "7"]
[White "Harsh, Suresh"]
[Black "Suslov, Dmitry"]
[Result "1/2-1/2"]
[WhiteElo "2368"]
[BlackElo "1997"]
[PlyCount "65"]
[EventDate "2023.12.14"]
[EventType "swiss"]
[EventRounds "9"]
[EventCountry "UAE"]
[SourceTitle "EXT 2025"]
[Source "ChessBase"]
[SourceDate "2024.10.14"]
[SourceVersion "1"]
[SourceVersionDate "2024.10.14"]
[SourceQuality "1"]

1. e4 c6 2. d4 d5 3. e5 Bf5 4. Nc3 e6 5. g4 Bg6 6. Nge2 Ne7 7. Nf4 c5 8. h4 cxd4 9. Nb5 Nec6 10. h5 Be4 11. f3 Nxe5 12. fxe4 dxe4 13. c3 Nf3+ 14. Kf2 Bc5 15. cxd4 Nxd4 16. Nxd4 e5 17. Bb5+ Nc6 18. Kg2 Bxd4 19. Ne2 0-0 20. Bxc6 bxc6 21. Ng3 Rb8 22. Qe2 e3 23. Rf1 a5 24. Kh3 Qd5 25. Nf5 Qe6 26. Nxe3 Bxe3 27. Bxe3 f5 28. b3 Rb4 29. Bc5 fxg4+ 30. Kg3 Rf3+ 31. Kh2 Qf5 32. Kg2 Rbf4 33. Qd2 1/2-1/2

[Event "Cheliabinsk Panchenko Memorial op-A"]
[Site "Cheliabinsk"]
[Date "2023.09.18"]
[Round "8"]
[White "Danilenko, Denis O"]
[Black "Suslov, Dmitry"]
[Result "0-1"]
[WhiteElo "2057"]
[BlackElo "2129"]
[PlyCount "64"]
[EventDate "2023.09.11"]
[EventType "swiss"]
[EventRounds "10"]
[EventCountry "RUS"]
[SourceTitle "CBM 216 Extra"]
[Source "ChessBase"]
[SourceDate "2023.11.30"]
[SourceVersion "1"]
[SourceVersionDate "2023.11.30"]
[SourceQuality "1"]

1. d4 Nf6 2. g3 g6 3. Bg2 Bg7 4. e4 0-0 5. Nc3 c5 6. dxc5 Qa5 7. Be3 Qb4 8. Nge2 Qxb2 9. 0-0 Ng4 10. Bd4 Bxd4 11. Qxd4 Nc6 12. Qa4 Qb4 13. Qxb4 Nxb4 14. Nd4 Ne5 15. a3 Na6 16. Nb3 Nc6 17. Rfd1 Kg7 18. f4 b6 19. cxb6 axb6 20. e5 Nc7 21. a4 f6 22. Nd4 fxe5 23. Nxc6 dxc6 24. Bxc6 Ra5 25. Nb5 Nxb5 26. Bxb5 exf4 27. Re1 Ra7 28. Re4 fxg3 29. hxg3 Rf3 30. Kg2 Rc3 31. Re2 Bf5 32. Ra2 Rac7 0-1

[Event "St Petersburg Rapid"]
[Site "St Petersburg"]
[Date "2023.08.26"]
[Round "3"]
[White "Suslov, Dmitry"]
[Black "Zvjaginsev, Vadim"]
[Result "0-1"]
[WhiteElo "2221"]
[BlackElo "2578"]
[PlyCount "106"]
[EventDate "2023.08.26"]
[EventType "swiss (rapid)"]
[EventRounds "11"]
[EventCountry "RUS"]
[SourceTitle "CBM 216 Extra"]
[Source "ChessBase"]
[SourceDate "2023.11.30"]
[SourceVersion "1"]
[SourceVersionDate "2023.11.30"]
[SourceQuality "1"]

1. d4 g6 2. c4 Bg7 3. Nc3 d6 4. e4 a6 5. a4 e5 6. d5 a5 7. h4 h5 8. Bg5 Bf6 9. Nh3 Bxh3 10. Bxf6 Nxf6 11. Rxh3 Na6 12. Be2 Nd7 13. Ra3 Ndc5 14. Qd2 Nb4 15. Bd1 Qe7 16. Bc2 Qd7 17. Bb1 Qg4 18. f3 Qd7 19. Na2 Nxa2 20. Bxa2 Kf8 21. Bb1 Kg7 22. Bc2 Qe7 23. Kf2 Ra6 24. b3 Raa8 25. Ra1 c6 26. Rg1 cxd5 27. exd5 f5 28. Qg5 Qf6 29. Qxf6+ Kxf6 30. g4 hxg4 31. fxg4 e4 32. Ke3 Ke5 33. gxf5 gxf5 34. Rg7 f4+ 35. Ke2 Rh5 36. Re7+ Kf6 37. Rxe4 Nxe4 38. Bxe4 Rah8 39. c5 dxc5 40. d6 Ke5 41. Bg6 Rxh4 42. Rxh4 Rxh4 43. d7 f3+ 44. Kxf3 Rd4 45. Be8 Ke6 46. Ke3 Ke7 47. Ke2 Kd8 48. Ke3 Kc7 49. Ke2 b6 50. Ke1 Rd3 51. Ke2 Rxb3 52. Kd2 Rb4 53. Kc3 Kd8 0-1

[Event "St Petersburg Korchnoi Memorial op"]
[Site "St Petersburg"]
[Date "2023.08.23"]
[Round "8"]
[White "Suslov, Dmitry"]
[Black "Kornienko, Konstantin"]
[Result "0-1"]
[WhiteElo "2221"]
[BlackElo "2022"]
[PlyCount "86"]
[EventDate "2023.08.18"]
[EventType "swiss"]
[EventRounds "9"]
[EventCountry "RUS"]
[SourceTitle "CBM 216 Extra"]
[Source "ChessBase"]
[SourceDate "2023.11.30"]
[SourceVersion "1"]
[SourceVersionDate "2023.11.30"]
[SourceQuality "1"]

1. d4 Nf6 2. c4 c5 3. d5 e6 4. Nc3 exd5 5. cxd5 d6 6. e4 g6 7. f4 Bg7 8. Bb5+ Nfd7 9. a4 0-0 10. Nf3 Na6 11. 0-0 Nb4 12. Re1 a6 13. Bf1 Nf6 14. h3 Re8 15. Bd2 b6 16. Bc4 h6 17. Qb3 Rb8 18. e5 Nd7 19. e6 Nf6 20. exf7+ Kxf7 21. Ne5+ dxe5 22. fxe5 Bf5 23. Bf4 Bc2 24. Qa3 Nh5 25. d6+ Kf8 26. Bh2 Qh4 27. g4 Qxh3 28. Rf1+ Bf5 29. gxh5 Bxe5 30. Bxe5 Rxe5 31. Ne2 Re3 32. Qxe3 Qxe3+ 33. Rf2 Qg5+ 34. Rg2 Qh4 35. b3 b5 36. axb5 axb5 37. Bxb5 Rxb5 38. hxg6 Be4 39. g7+ Kg8 40. Ng3 Bxg2 41. Kxg2 Rb8 42. Ra7 Rd8 43. Re7 Nd5 0-1

[Event "St Petersburg Korchnoi Memorial op"]
[Site "St Petersburg"]
[Date "2023.08.20"]
[Round "4"]
[White "Suslov, Dmitry"]
[Black "Bukreev, Stanislav"]
[Result "1-0"]
[WhiteElo "2221"]
[BlackElo "1938"]
[PlyCount "77"]
[EventDate "2023.08.18"]
[EventType "swiss"]
[EventRounds "9"]
[EventCountry "RUS"]
[SourceTitle "CBM 216 Extra"]
[Source "ChessBase"]
[SourceDate "2023.11.30"]
[SourceVersion "1"]
[SourceVersionDate "2023.11.30"]
[SourceQuality "1"]

1. d4 Nf6 2. c4 e6 3. Nc3 Bb4 4. e3 0-0 5. Bd2 d5 6. Nf3 b6 7. cxd5 exd5 8. Rc1 Be7 9. Bd3 Bb7 10. 0-0 c5 11. Ne5 Nc6 12. Be1 Bd6 13. f4 cxd4 14. Nxc6 Bxc6 15. Ne2 Bd7 16. Nxd4 Re8 17. Bf2 Ng4 18. Qf3 Nxf2 19. Rxf2 Bc5 20. Re2 Qf6 21. Nb3 Bf8 22. h3 Ba4 23. Qxd5 Bxb3 24. Qxb3 Bc5 25. Kh1 Rad8 26. Bb1 g6 27. Rf1 Re7 28. e4 Rde8 29. Qf3 Qh4 30. e5 Rd8 31. f5 Qg5 32. Bc2 gxf5 33. Bxf5 Rde8 34. Re4 Qd2 35. Bxh7+ Kf8 36. e6 Rd8 37. Rf4 Rxe6 38. Rxf7+ Ke8 39. Qg4 1-0

[Event "Cheliabinsk Lozovatsky Memorial-A"]
[Site "Cheliabinsk"]
[Date "2023.02.05"]
[Round "10"]
[White "Suslov, Dmitry"]
[Black "Sapenov, Daniyal"]
[Result "0-1"]
[WhiteElo "2184"]
[BlackElo "2306"]
[PlyCount "54"]
[EventDate "2023.01.27"]
[EventType "swiss"]
[EventRounds "10"]
[EventCountry "RUS"]
[SourceTitle "CBM 212 Extra"]
[Source "ChessBase"]
[SourceDate "2023.03.31"]
[SourceVersion "1"]
[SourceVersionDate "2023.03.31"]
[SourceQuality "1"]

1. d4 Nf6 2. c4 e6 3. Nc3 Bb4 4. e3 0-0 5. Bd2 b6 6. Nf3 Bxc3 7. Bxc3 Ne4 8. Rc1 Bb7 9. Bd3 Nxc3 10. Rxc3 d6 11. Qc2 h6 12. 0-0 Nd7 13. b4 c5 14. bxc5 Bxf3 15. gxf3 bxc5 16. dxc5 Nxc5 17. Rd1 Rb8 18. Bf1 Rb6 19. Rd4 Qe7 20. Qd2 Rfb8 21. Rc1 Rb2 22. Qa5 R8b6 23. Rd2 Ra6 24. Qxa6 Rxd2 25. Qa5 Qg5+ 26. Bg2 Rxf2 27. Kxf2 Nd3+ 0-1

[Event "Cheliabinsk Lozovatsky Memorial-A"]
[Site "Cheliabinsk"]
[Date "2023.02.02"]
[Round "7"]
[White "Mutovin, Egor"]
[Black "Suslov, Dmitry"]
[Result "1/2-1/2"]
[WhiteElo "2139"]
[BlackElo "2184"]
[PlyCount "101"]
[EventDate "2023.01.27"]
[EventType "swiss"]
[EventRounds "10"]
[EventCountry "RUS"]
[SourceTitle "CBM 212 Extra"]
[Source "ChessBase"]
[SourceDate "2023.03.31"]
[SourceVersion "1"]
[SourceVersionDate "2023.03.31"]
[SourceQuality "1"]

1. e4 c6 2. d4 d5 3. Nc3 dxe4 4. Nxe4 Nf6 5. Nxf6+ exf6 6. c3 Bd6 7. Bd3 0-0 8. Qc2 Re8+ 9. Ne2 h5 10. 0-0 h4 11. Nf4 Nd7 12. Qd1 Nf8 13. Qh5 Bxf4 14. Bxf4 h3 15. gxh3 Be6 16. Rfe1 Qd7 17. Re3 Qd5 18. Qxd5 Bxd5 19. c4 Be6 20. Rd1 Red8 21. Bf1 g5 22. Bg3 Ng6 23. d5 cxd5 24. Red3 Rac8 25. cxd5 Bd7 26. Ra3 a6 27. Rc3 Rxc3 28. bxc3 Rc8 29. c4 b5 30. Rc1 f5 31. Bd6 bxc4 32. Rxc4 Re8 33. Rc7 Ba4 34. Bb4 Rb8 35. Bd2 Nh4 36. Rc3 f4 37. Bxa6 Rb1+ 38. Bc1 Nf3+ 39. Kg2 Ne1+ 40. Kf1 Nc2 41. Ke2 Rxc1 42. Rc4 Bd7 43. Kd2 Rf1 44. Rxc2 Rxf2+ 45. Kc3 Rxc2+ 46. Kxc2 Bxh3 47. Kd2 Kf8 48. a4 Ke7 49. a5 Kd6 50. Bb7 Bf1 51. a6 1/2-1/2

[Event "Cheliabinsk Lozovatsky Memorial-A"]
[Site "Cheliabinsk"]
[Date "2023.01.28"]
[Round "2"]
[White "Suslov, Dmitry"]
[Black "Nurdinov, Iliya"]
[Result "1-0"]
[WhiteElo "2184"]
[BlackElo "2005"]
[PlyCount "71"]
[EventDate "2023.01.27"]
[EventType "swiss"]
[EventRounds "10"]
[EventCountry "RUS"]
[SourceTitle "CBM 212 Extra"]
[Source "ChessBase"]
[SourceDate "2023.03.31"]
[SourceVersion "1"]
[SourceVersionDate "2023.03.31"]
[SourceQuality "1"]

1. d4 Nf6 2. c4 e6 3. Nc3 Bb4 4. e3 c5 5. Nge2 d6 6. a3 Ba5 7. dxc5 dxc5 8. Qxd8+ Kxd8 9. Bd2 Nc6 10. Nf4 b6 11. Be2 Bb7 12. 0-0-0 Ke7 13. Bf3 g5 14. Nd3 g4 15. Bxc6 Bxc6 16. b4 cxb4 17. axb4 Bxb4 18. Nxb4 Bxg2 19. Rhg1 Bf3 20. Nc2 Rhc8 21. Na3 Nd7 22. Ncb5 a6 23. Bb4+ Nc5 24. Nc3 a5 25. Bxc5+ Rxc5 26. Rd2 Rh5 27. Na4 Rb8 28. Rb2 Rxh2 29. Nxb6 Ke8 30. c5 Rh5 31. Rc2 Rb7 32. Nb5 Ke7 33. Nc8+ Kd8 34. Ncd6 Rb8 35. c6 Rhxb5 36. c7+ 1-0

[Event "Cheliabinsk Panchenko Memorial op-A"]
[Site "Cheliabinsk"]
[Date "2022.09.16"]
[Round "5"]
[White "Suslov, Dmitry"]
[Black "Egorov, Pavel"]
[Result "0-1"]
[WhiteElo "2053"]
[BlackElo "2196"]
[PlyCount "70"]
[EventDate "2022.09.12"]
[EventType "swiss"]
[EventRounds "10"]
[EventCountry "RUS"]
[SourceTitle "CBM 210 Extra"]
[Source "ChessBase"]
[SourceDate "2022.11.30"]
[SourceVersion "1"]
[SourceVersionDate "2022.11.30"]
[SourceQuality "1"]

1. d4 Nf6 2. c4 e6 3. Nc3 Bb4 4. e3 0-0 5. Bd2 b6 6. Nf3 Bb7 7. Bd3 d6 8. 0-0 Nbd7 9. b3 e5 10. Ne1 Bxc3 11. Bxc3 e4 12. Be2 d5 13. a4 a5 14. b4 dxc4 15. Bxc4 Nd5 16. Qb3 N7f6 17. Nc2 Qd6 18. h3 Bc8 19. Bxd5 Nxd5 20. bxa5 Nxc3 21. Qxc3 Rxa5 22. Rfc1 Bd7 23. Ne1 Rc8 24. Qc2 f5 25. f4 h6 26. g3 Kh7 27. Qb3 Rca8 28. Qc3 R8a7 29. Ng2 Bxa4 30. Nh4 Bd7 31. Rxa5 bxa5 32. Rb1 a4 33. Rb8 a3 34. Rd8 a2 35. Qa1 Qb4 0-1

[Event "Voronezh Petrovsky op"]
[Site "Voronezh"]
[Date "2022.06.17"]
[Round "9"]
[White "Suslov, Dmitry"]
[Black "Gasparian, Haik"]
[Result "1-0"]
[WhiteElo "1927"]
[BlackElo "1918"]
[PlyCount "87"]
[EventDate "2022.06.10"]
[EventType "swiss"]
[EventRounds "9"]
[EventCountry "RUS"]
[SourceTitle "EXT 2023"]
[Source "ChessBase"]
[SourceDate "2022.10.05"]
[SourceVersion "1"]
[SourceVersionDate "2022.10.05"]
[SourceQuality "1"]

1. d4 Nf6 2. c4 e6 3. Nc3 d5 4. cxd5 exd5 5. Bg5 Be7 6. e3 0-0 7. Bd3 c6 8. Qc2 Nbd7 9. Nf3 Re8 10. 0-0 Nf8 11. h3 Ng6 12. Ne5 Nh5 13. Bxe7 Qxe7 14. f4 Qh4 15. Rf3 Qe7 16. g4 Nf6 17. Re1 Qd6 18. Qf2 c5 19. g5 Nd7 20. h4 Ngf8 21. Rg3 cxd4 22. exd4 g6 23. h5 a6 24. hxg6 fxg6 25. Rge3 Nxe5 26. Rxe5 Rxe5 27. dxe5 Qc6 28. Rd1 Bg4 29. Rd2 Rd8 30. Bc2 Kg7 31. Bb3 d4 32. Rxd4 Rxd4 33. Qxd4 Be6 34. Nd5 Nd7 35. Nf6 Qc5 36. Qxc5 Nxc5 37. Bxe6 Nxe6 38. Nd5 h6 39. gxh6+ Kxh6 40. Kf2 g5 41. f5 Nd4 42. e6 Kg7 43. f6+ Kf8 44. e7+ 1-0

[Event "Voronezh Petrovsky op"]
[Site "Voronezh"]
[Date "2022.06.16"]
[Round "8"]
[White "Vasiljev, Ilya"]
[Black "Suslov, Dmitry"]
[Result "1/2-1/2"]
[WhiteElo "2007"]
[BlackElo "1927"]
[PlyCount "81"]
[EventDate "2022.06.10"]
[EventType "swiss"]
[EventRounds "9"]
[EventCountry "RUS"]
[SourceTitle "EXT 2023"]
[Source "ChessBase"]
[SourceDate "2022.10.05"]
[SourceVersion "1"]
[SourceVersionDate "2022.10.05"]
[SourceQuality "1"]

1. e4 c6 2. d4 d5 3. e5 Bf5 4. Nd2 e6 5. Nb3 Nd7 6. Nf3 Ne7 7. Be2 c5 8. dxc5 Nc6 9. 0-0 Nxc5 10. Nbd4 Bg4 11. Bf4 Be7 12. h3 Bh5 13. c4 0-0 14. Rc1 Nxd4 15. Nxd4 Bxe2 16. Qxe2 dxc4 17. Rxc4 Qd5 18. b4 Na4 19. Nb3 Qb5 20. Nd4 Qd5 21. Nb3 Qb5 22. Nd4 Qd7 23. Rd1 Rfd8 24. Rd2 Qe8 25. a3 Nb6 26. Rc1 Rac8 27. Rxc8 Rxc8 28. Rc2 Nd5 29. Bg3 Rxc2 30. Qxc2 g6 31. Ne2 Qb8 32. Qc4 Qc7 33. Qxc7 Nxc7 34. Bf4 Kf8 35. Kf1 Nd5 36. Bd2 Ke8 37. Nd4 Kd7 38. Ke2 a5 39. bxa5 Bxa3 40. Kd3 Bc5 41. Nf3 1/2-1/2

[Event "Cheliabinsk Panchenko Memorial op-A"]
[Site "Cheliabinsk"]
[Date "2021.09.21"]
[Round "10"]
[White "Begmuratov, Khumoyun"]
[Black "Suslov, Dmitry"]
[Result "1/2-1/2"]
[WhiteElo "2148"]
[BlackElo "1904"]
[PlyCount "50"]
[EventDate "2021.09.13"]
[EventType "swiss"]
[EventRounds "10"]
[EventCountry "RUS"]
[SourceTitle "CBM 204 Extra"]
[Source "ChessBase"]
[SourceDate "2021.11.30"]
[SourceVersion "1"]
[SourceVersionDate "2021.11.30"]
[SourceQuality "1"]

1. e4 c6 2. d3 d5 3. Nd2 e5 4. Ngf3 Bd6 5. d4 exd4 6. Nxd4 Nf6 7. exd5 Nxd5 8. N2f3 0-0 9. Be2 Bg4 10. h3 Bh5 11. 0-0 Bg6 12. Bd3 Re8 13. Bxg6 hxg6 14. c4 Nf6 15. Bg5 Qc7 16. Bxf6 gxf6 17. Qc2 Nd7 18. Rfe1 Kg7 19. a3 a5 20. h4 Rxe1+ 21. Rxe1 f5 22. g3 Bc5 23. Kg2 Qb6 24. Nb3 Bxf2 25. Re7 Qd8 1/2-1/2